| 000 | 00987nam a2200229 i 4500 | ||
|---|---|---|---|
| 001 | 160416 | ||
| 003 | ES-MaACL | ||
| 005 | 20230906212029.0 | ||
| 008 | 940301s1885 sp |||| |cspa d | ||
| 100 | 1 |
_aMurguía, Manuel. _984577 |
|
| 245 | 1 | 4 |
_aLos precursores _b: Faraldo, Aurelio Aguirre, Sánchez Deus, Moreno Astray, Pondal, Cendón, Rosalía de Castro, Serafín Avendaño, Viccetto, Ignotus / _cManuel Murguía. |
| 260 |
_aLa Coruña : _bLatorre y Martínez, editores, _c1885 ( _fImp. de La Voz de Galicia) |
||
| 300 |
_a274 p. ; _c20 cm. |
||
| 490 | 1 |
_aBiblioteca gallega ; _v1 |
|
| 530 | _aDisponible en formato digital. | ||
| 596 | _aFecha de cub.: 1886. | ||
| 650 | 4 |
_aGallegos- _vBiografías. _9136160 |
|
| 830 | 0 |
_aBiblioteca gallega ; _v1 _9180864 |
|
| 852 |
_aES-MaACL _jG-9203 _z- Enc. pasta española _q- Falto de las p. 171-200 |
||
| 856 |
_uhttp://biblioteca.galiciana.gal/es/consulta/registro.cmd?id=7242 _zBiblioteca Dixital de Galicia |
||
| 999 |
_c160416 _d160416 |
||